00638nam a2200193 i 450000100060000000300090000600500170001500700030003200800410003508000190007608000190009510000330011424501150014726000300026230000210029250000720031365000250038585200340041011355ES-MaACL20250826034357.0t|960424n1995 sp ||||1| spa d a262.136.12:308 a308:262.136.121 aAcosta González, Andrés.10aInquisición y mentalidad b: (reflexiones en torno a un tema polémico) / cpor Andrés Acosta González. a[S.l. : bs.n., c1995 ?] a25 p. ; c24 cm. aPrecede al tit.: Seminario de Humanidades Agustín Millares Carlo. 7aInquisición2embne aES-MaACLj2151-F-5 bR.124904